| 000 | 00519nam a2200157 a 4500 | ||
|---|---|---|---|
| 008 | 120416s1970 ||||||||||||||||| || u | ||
| 020 | _a034020351X | ||
| 050 | _aQA 276.12 Err | ||
| 100 | _aErricker, B. C | ||
| 245 | 1 | 0 | _aElementary statistics |
| 250 | _a2nd. ed. | ||
| 260 |
_aLondon _bHodder and Stoughton _c1970 |
||
| 300 | _a319p. : ill. | ||
| 350 | _a0.00 | ||
| 995 |
_D0.00 _FCBU-MAIN LIBRARY (Kitwe) _H1 _I1.55 _M1 _ULOST _ZMain Library Open Access Collection |
||
| 999 |
_c41629 _d41629 |
||